000 00652cam a22002413a 4500
001 30926
003 PGUSA
005 20140828083653.0
008 100111s2010||||xxu|||||s|||||000 | eng d
040 _aPGUSA
_beng
042 _adc
050 4 _aN
100 1 _aLemos, António de,
_d1864-1931
245 1 0 _aNotas d'arte
_h[electronic resource] /
_cAntónio de Lemos
260 _bProject Gutenberg,
_c2010
506 _aPublic domain in the USA.
516 _aElectronic text
653 _aArt -- Portugal
653 _aArt, Portuguese
830 0 _aProject Gutenberg
_v30926
856 4 0 _uhttp://www.gutenberg.org/ebooks/30926
942 _cEB
999 _c260181
_d260181